Carlos Arango Vélez : (Registro nro. 301466)
[ vista simple ]
| 000 -ENCABEZADO | |
|---|---|
| Número de control [NR] | 01264nam a2200325Ki 4500 |
| 001 - NÚMERO DE CONTROL | |
| control field | ocn911043471 |
| 005 - FECHA Y HORA DE LA ÚLTIMA TRANSACCIÓN | |
| control field | 20151002161415.0 |
| 008 - DE LONGITUD FIJA DE DATOS DE ELEMENTOS - INFORMACIÓN GENERAL | |
| Elementos de longitud fija [NR] | 151002s2014 ck d fr 000 0dspa d |
| 020 ## - NUMERO INTERNACIONAL NORMALIZADO PARA LIBROS [R] | |
| Número Internacional Normalizado del libro [NR] | 9789588040707 |
| 040 ## - FUENTE DE CATALOGACION [NR] | |
| Agencia de catalogación original [NR] | Co-Bo UCM |
| Idioma de catalogación [NR] | spa |
| Convenciones de la descripción [NR] | RCAA |
| Quien Cataloga | Luz Cupitra |
| Quien Clasifica | Luz Cupitra |
| 041 #0 - CODIGO DE IDIOMA [R] | |
| Código de idioma para texto/pista de sonido o título separado [R] | Español |
| 043 ## - CODIGO DE AREA GEOGRAFICA [NR] | |
| Código de área geográfica [R] | ck |
| 100 1# - ASIENTO PRINCIPAL--NOMBRE PERSONAL [NR] | |
| Nombre personal [NR] | Arango Vélez, Carlos, |
| Fechas asociadas con el nombre [NR] | 1897-1974, |
| Término relacionador [R] | author. |
| ID Autoridad | 71954 |
| 110 1# - ASIENTO PRINCIPAL--NOMBRE CORPORATIVO [NR] | |
| ID de autoridad | 3835 |
| Nombre corporativo o de jurisdicción como elemento de entrada [NR] | Academia Colombiana de Historia |
| 245 10 - MENCION DE TITULO [NR] | |
| Título [NR] | Carlos Arango Vélez : |
| Parte restante del título [NR] | elocuencia, leyes y acción pública / |
| Mención de responsabilidad, etc. [NR] | Otto Morales Benítez, prólogo y antología. |
| 260 ## - PUBLICACION, DISTRIBUCION, ETC. (PIE DE IMPRENTA) [R] | |
| Lugar de publicación, distribución, etc. [R] | Bogotá (Colombia) |
| Fecha de publicación, distribución, etc. [R] | 2014 |
| Nombre del editor, distribuidor, etc. [R] | Academia Colombiana de Historia |
| 300 ## - DESCRIPCION FISICA [R] | |
| Extensión [R] | 813 páginas |
| Otros detalles físicos [NR] | tablas |
| 600 14 - ASIENTO SECUNDARIO DE MATERIA - NOMBRE PERSONAL [R] | |
| Nombre personal [NR] | Arango Vélez, Carlos, |
| Fechas asociadas con el nombre [NR] | 1897-1974. |
| 9 (RLIN) | 71954 |
| 650 #7 - ASIENTO SECUNDARIO DE MATERIA - TERMINO TEMATICO [R] | |
| Término temático o nombre geográfico como elemento de entrada [NR] | Diplomáticos |
| Subdivisión geográfica [R] | Colombia. |
| 9 (RLIN) | 22068 |
| 650 #7 - ASIENTO SECUNDARIO DE MATERIA - TERMINO TEMATICO [R] | |
| Término temático o nombre geográfico como elemento de entrada [NR] | Diplomáticos |
| Subdivisión geográfica [R] | Colombia |
| 9 (RLIN) | 13312 |
| Subdivisión de forma [R] | Ensayos, conferencias, etc |
| Subdivisión cronológica [R] | Siglo XX |
| 650 #7 - ASIENTO SECUNDARIO DE MATERIA - TERMINO TEMATICO [R] | |
| Término temático o nombre geográfico como elemento de entrada [NR] | Oratoria |
| Subdivisión geográfica [R] | Colombia |
| 9 (RLIN) | 20798 |
| 651 #7 - ASIENTO SECUNDARIO DE MATERIA - NOMBRE GEOGRAFICO [R] | |
| Nombre geográfico [NR] | Colombia |
| Subdivisión general [R] | Política y Gobierno |
| Subdivisión cronológica [R] | Siglo XX |
| 9 (RLIN) | 71955 |
| 651 #7 - ASIENTO SECUNDARIO DE MATERIA - NOMBRE GEOGRAFICO [R] | |
| Nombre geográfico [NR] | Colombia |
| Subdivisión general [R] | Historia |
| Subdivisión cronológica [R] | Siglo XX |
| 9 (RLIN) | 26607 |
| 690 ## - ASUNTO AGREGADO LOCAL DE ENTRADA - TÉRMINO TEMÁTICO (OCLC, RLIN) | |
| Acceso temático local | Ciencia política -- Historia |
| 690 ## - ASUNTO AGREGADO LOCAL DE ENTRADA - TÉRMINO TEMÁTICO (OCLC, RLIN) | |
| Acceso temático local | Historia política |
| 700 1# - ASIENTO SECUNDARIO - NOMBRE PERSONAL [R] | |
| Nombre personal [NR] | Morales Benítez, Otto, |
| 9 (RLIN) | 71956 |
| 765 1# - ASIENTO DE IDIOMA ORIGINAL [R] | |
| Asiento principal [NR] | español |
| 942 ## - ELEMENTOS DE ENTRADA AGREGADOS (KOHA) | |
| Sistema de clasificación | DEWEY |
| Tema principal | Historia |
| Tipo de ítem principal el descrito en 300a | Libro |
| Edición | 1 |
| Clasificación | 320.59861 |
| Parte restante de la signatura top. | A662 |
| Signatura topográfica | Código de barras | Última vez visto | Ejemplar | Costo de reposición | Price effective from | Tipo de ítem | Perdido | Sistema de clasificación | Dañado | No prestable | Tipo de ítem específico | Suprimido | Ubicación habitual | Ubicación actual | Localización | Fecha de creación | Proveedor | Forma de adquisición | Costo |
|---|---|---|---|---|---|---|---|---|---|---|---|---|---|---|---|---|---|---|---|
| 320.59861 A662 | 100147579 | 05/06/2024 | Ej.1 | 26000.00 | 17/09/2015 | Libro | DEWEY | Libro | Bodega | Bodega | 3er piso | 17/09/2015 | 12 | Donación | 26000.00 |